000 00513nam a22001697a 4500
005 20241213163921.0
008 241213b |||||||| |||| 00| 0 eng d
020 _a0876924968
050 _aLB3060
_b.32.O35 HAR
100 _aHARPER, EDWIN .A.
245 _aPREPARING OBJECTIVE EXAMINATIONS;
_bA HANDBOOK FOR TEACHERS, STUDENTS AND EXAMINERS
260 _aNEW DELHI
_bPRENTICE-HALL OF INDIA
_cc1992
300 _axxiv,510p;
_bill.;
500 _aincludes index
700 _aHarper, Erika S.
942 _2lcc
_cBK
_n0
999 _c2174
_d2174